|
|
|
|
| LEADER |
01449nam a2200385Ia 4500 |
| 001 |
EBC3050801 |
| 003 |
MiAaPQ |
| 005 |
20200520144314.0 |
| 006 |
m o d | |
| 007 |
cr cn||||||||| |
| 008 |
050309s2005 dcu sb 000 0 eng d |
| 010 |
|
|
|z 2005043404
|
| 020 |
|
|
|z 082136040X (pbk.)
|
| 035 |
|
|
|a (MiAaPQ)EBC3050801
|
| 035 |
|
|
|a (Au-PeEL)EBL3050801
|
| 035 |
|
|
|a (CaPaEBR)ebr10079946
|
| 035 |
|
|
|a (CaONFJC)MIL14946
|
| 035 |
|
|
|a (OCoLC)60563273
|
| 040 |
|
|
|a MiAaPQ
|c MiAaPQ
|d MiAaPQ
|
| 050 |
|
4 |
|a HD7105.3
|b .H65 2005
|
| 082 |
0 |
4 |
|a 331.25/2
|2 22
|
| 100 |
1 |
|
|a Holzmann, Robert.
|
| 245 |
1 |
0 |
|a Old-age income support in the 21st century
|h [electronic resource] :
|b an international perspective on pension systems and reform /
|c Robert Holzman, Richard Hinz.
|
| 260 |
|
|
|a Washington, DC :
|b World Bank,
|c 2005.
|
| 300 |
|
|
|a ix, 232 p.
|
| 504 |
|
|
|a Includes bibliographical references.
|
| 533 |
|
|
|a Electronic reproduction. Ann Arbor, MI : ProQuest, 2015. Available via World Wide Web. Access may be limited to ProQuest affiliated libraries.
|
| 650 |
|
0 |
|a Old age pensions
|x Government policy.
|
| 650 |
|
0 |
|a Aging
|x Economic aspects
|x Government policy.
|
| 650 |
|
0 |
|a Income maintenance programs.
|
| 650 |
|
0 |
|a Social security.
|
| 655 |
|
4 |
|a Electronic books.
|
| 700 |
1 |
|
|a Hinz, Richard P.
|
| 710 |
2 |
|
|a ProQuest (Firm)
|
| 856 |
4 |
0 |
|u https://ebookcentral.proquest.com/lib/matrademy/detail.action?docID=3050801
|z Click to View
|